MDQL
is popping MORE tags! Check the
thread
!
Quizzes
Events
Quiz Creation
Community
Videos
Private Events
Remove Ads
Sign In
Join for FREE
Feedback
Dark Mode
Quiz Categories
Sports
Geography
Music
Movies
Television
Just For Fun
Miscellaneous
History
Literature
Language
Science
Gaming
Entertainment
Religion
Holiday
For Kids
Quiz Lab
Recent
Popular Today
Quiz Kudos Today
Editor Picks
Curator Picks
Quizzes by...
Day
Popularity
Type
Ratings
Length
Year
Community
Subscriptions
Recent Discussions
Orange Saloon
Badges
Playlists
Quests
Create
Leaderboards
Showdown
Live 5
Trivia Bingo
Activity
Puzzle Library
Sporcle Events
Private Events
Virtual Trivia
Globe League
Become a Host
Pub Owners
SporcleCon
Opinionation
Our Games
Videos
Blog
Mobile Apps
Partnerships
Remove Ads and Go Orange
Feedback
Gaming
Video Games
Board Games
Card Games
Pokémon
Mario
Nintendo
Minecraft
Console
Toys
Legend of Zelda
Gaming
Video Games
Board Games
Card Games
Pokémon
Mario
Nintendo
Minecraft
Console
Toys
Legend of Zelda
Random Quiz
Search Sporcle
×
Quiz Lab
Quiz Lab
Gaming
Nintendo
Type in answers that appear in a list
Type in answers that appear in a list
Classic
Best Score? Go Orange.
Fire Emblem 'Lost in Thoughts All Alone' Lyrics Stats
Can you sing the song of Birthright and Love?
By
Kirbyfier
15m
178 Questions
1,042 Plays
1,042 Plays
1,042 Plays
Comments
Comments
Give Quiz Kudos
Give Quiz Kudos
-
- Ratings
hide this ad
More Info
Replay
Link that replays current quiz
Next Quiz
Link to next quiz in quiz playlist
You Got
0%
They Got
Avg Score
84%
Avg Friend Score
Upgrade to see
Score Distribution
Jump to the score distribution portion of the page
Score
0/178
Timer
15:00
0
Plays Today
% Correct
the
99.3%
the
99.3%
the
99.3%
the
99.3%
the
99.3%
a
99.3%
a
99.3%
the
99.3%
a
99.3%
and
99.3%
the
99.3%
the
99.3%
the
99.3%
a
99.3%
the
99.3%
a
99.3%
a
99.3%
and
99.3%
the
99.3%
the
99.3%
and
99.3%
the
99.3%
the
99.3%
the
99.3%
the
99.3%
the
99.3%
You
98.6%
you
98.6%
you
98.6%
are
97.4%
are
97.4%
are
97.4%
ocean's
96.5%
oceans
96.5%
ocean's
96.5%
waves
96.2%
waves
96.2%
waves
96.2%
of
95.9%
of
95.9%
of
95.9%
of
95.9%
to
95.7%
to
95.7%
to
95.7%
to
95.7%
to
95.7%
gray
95.2%
gray
95.2%
gray
95.2%
seek
93.8%
seek
93.8%
reach
93.7%
reach
93.7%
destined
93.4%
destined
93.4%
out
93%
out
93%
just
92.9%
just
92.9%
% Correct
just
92.9%
shore
92.6%
shore
92.6%
beyond
92.1%
beyond
92.1%
life
91.9%
life
91.9%
life
91.9%
your
91%
your
91%
in
90.3%
in
90.3%
in
90.3%
in
90.3%
in
90.3%
is
89.4%
is
89.4%
is
89.4%
time
88.8%
time
88.8%
time
88.8%
ever
88.4%
ever
88.4%
like
88.3%
like
88.3%
path
88.2%
path
88.2%
change
88%
change
88%
waters
87.8%
waters
87.8%
yet
87.8%
yet
87.8%
yours
87.7%
yours
87.7%
flowing
87.2%
climb
87.2%
flowing
87.2%
climb
87.2%
birthright
86.4%
love
86.1%
light
85.9%
light
85.9%
song
85.3%
song
85.3%
with
84.9%
with
84.9%
with
84.9%
sing
84.8%
sing
84.8%
white
84.6%
me
84.6%
white
84.6%
me
84.6%
through
82.8%
through
82.8%
hear
81.7%
heart
80.9%
heart
80.9%
heart
80.9%
% Correct
all
80.2%
hand
79.9%
lost
79.7%
alone
79.6%
thoughts
79.5%
blade
79.2%
reaches
79.1%
two
78.8%
cuts
78.1%
as
78%
sky
77.9%
above
77.4%
day
77.2%
embrace
77.1%
double
75.8%
edged
75.1%
new
74.9%
bone
74.7%
brand
74.5%
dawn
74.3%
breaks
74%
away
73.4%
away
73.4%
fade
70.8%
dreams
70.2%
scatters
69.4%
no
68.6%
gloom
68.2%
waking
67.2%
blood
64.4%
can
64.1%
my
64%
my
64%
sorrow
62.7%
not
62.5%
it
62.4%
or
62.2%
mud
62.2%
one
62.1%
cry
62.1%
happiness
61.7%
filled
61.2%
wash
61.2%
become
60.9%
rose
60.1%
rain
60%
but
60%
thorn
59.8%
may
59.7%
can't
59.4%
silence
58.7%
falls
58.2%
even
57.7%
ancient
56.9%
dwells
55.1%
within
55%
madness
53.5%
pride
53.4%
Quiz Playlist
Details
Report
Send in Message
Add To Playlist
More Info:
The version of the song sung is the Smash Bros version.
Classic:
Type in answers that appear in a list
Last Updated: May 3, 2017
Quiz Scoreboard
CHALLENGE
Sign Up to Join the Scoreboard
Show All
Scores
Hide
Comments
May contain spoilers
Recently Published
5x2 Blitz: Bands
by SL_Kpop136
Music
30s
Colored Red Africa Blitz
by spor1
Geography
30s
Find the 'City' Movie
by crazypaving
Movies
60s
More to Explore
Quiz From the Vault
Featured Blog Post
14 Easter Pick-up Lines to Find Eggs With
hide this ad
You Might Also Like...
Tags
Nintendo Quiz
3DS
Fire Emblem
Super Smash Bros
Today's Top Quizzes in Gaming
Browse Gaming
hide this ad
Today's Top Quizzes in Nintendo
Browse Nintendo
Top Contributed Quizzes in Gaming
1
Dead By Daylight Logic Puzzle
2
Destiny 2 exotic weapons by perk icons
3
League of Legends Pro Players by Career/Team History
4
Genshin Impact Logic Puzzle Quiz II
5
Windmill: Elements
6
Minecraft Typing Challenge
7
Pokémon Spelling Bee
8
Genshin murder mystery
9
Legendary or Exotic?
10
Overwatch 2: Ultimate Ability Icons
Explore More
Trending Topics
Crossword
Kpop
Harry Potter
Disney
Anime
NBA
Marvel
Country
NFL
Soccer
WWE
Song
The Office
Pokémon
Puzzle
hide this ad
More By:
Kirbyfier
Quiz
Plays
Rating
Category
Featured
Created
Useless Undertale Knowledge
2,975
2.79
Gaming
Jun 6, 2016
Persona 4 Golden Questions
1,677
4.00
Gaming
Jul 11, 2016
Fire Emblem 'Lost in Thoughts All Alone' Lyrics
1,042
4.50
Gaming
Mar 24, 2016
Steven Universe 'Haven't You Noticed' Lyrics
549
3.20
Television
Apr 7, 2016
Smash Bros Wii U Taunts
291
Gaming
Mar 21, 2016
Go to Creator's Profile
Score Distribution
Quiz Creator Spotlight
Kirbyfier
Follow
Send a Message
Quizzes Created
-
Created Quiz Play Count
-
More By This Creator
Popular Quizzes Today
1
Find the 'City' Movie
2
Colored Red Africa Blitz
3
Find the US States - No Outlines Minefield
4
5x2 Blitz: Bands
5
The Countries of the World
6
Find the US States
7
US States
8
9x9 Crossword: Cartoon Network
More Gaming Quizzes
15 in 15: Genshin Impact Characters III
Quiz Lab
Trending Quizzes
Colored Red Europe Blitz I
Colored Red Africa Blitz II
Colored Red Europe Blitz II
Colored Red Europe Blitz III
Colored Red Africa Blitz III
Recently Updated
Famous TV Couples
Peacemaker
Champions League XIs: Real Madrid
pecheneg
Largest US Cities 1790-2010
pecheneg
Rides in Walt Disney World
pecheneg
Most Oscar Losses (Acting)
pecheneg
Beyoncé Albums
pecheneg
Leaping Animals
pecheneg
Reality TV Shows (A-Z)
bhenderson79
Rickey Henderson's Hall of Fame Teammates
pecheneg
Champions League XIs: Arsenal
pecheneg
Trending Topics
Disney
Crossword
Anime
Harry Potter
Kpop
NBA
Marvel
The Office
NFL
Pokémon
Country
WWE
Soccer
Puzzle
Song
Your Account Isn't Verified!
In order to create a playlist on Sporcle, you need to verify the email address you used during registration. Go to your
Sporcle Settings
to finish the process.
Report this User
Report this user for behavior that violates our
Community Guidelines
.
Details:
Send Report
Go to the Sporcle.com Mobile Site →
Comments